000 00287nam a2200109Ia 4500
008 200302s9999 xx 000 0 und d
100 _aBaruch Givoni
245 _aClimate considerations in building and urban design
260 _bJohn Willey and sons, Inc
260 _c1998
300 _a464
999 _c5952
_d5952